Cuando el viento desapareció
Gorde:
| Egile nagusia: | |
|---|---|
| Formatua: | Liburua |
| Hizkuntza: | gaztelania |
| Argitaratua: |
Santiago
Zig-Zag
1984
|
| Edizioa: | 3a. ed |
| Saila: | Colección juvenil Zig-Zag
|
| Gaiak: | |
| Etiketak: |
Etiketa erantsi
Etiketarik gabe, Izan zaitez lehena erregistro honi etiketa jartzen!
|
MARC
| LEADER | 00000nam a2200000 a 4500 | ||
|---|---|---|---|
| 001 | UCZ0169 | ||
| 003 | CL-VaPUC | ||
| 008 | 950724e19840400CL |||||||||||||||||spa|d | ||
| 082 | 0 | 4 | |a Ch863 |b SOL |2 21 |
| 100 | 0 | |a Solar, Hernán del |e author |9 342808 | |
| 245 | 1 | 0 | |a Cuando el viento desapareció |
| 246 | 1 | 0 | |a Mac, el microbio desconocido |
| 250 | |a 3a. ed | ||
| 300 | |a 174 p | ||
| 942 | |c BK | ||
| 945 | |d 19950724 00:00:00 |a lriquelm | ||
| 260 | |a Santiago |b Zig-Zag |c 1984 | ||
| 650 | 0 | |a Cuentos chilenos |9 308280 | |
| 650 | 0 | |a Literatura chilena |9 308278 | |
| 650 | 0 | |a Prosa chilena |9 267787 | |
| 650 | 0 | |a Formas y géneros literarios |9 324031 | |
| 583 | |a last modification |c 20130306 03:08:07 |k Rodrigo Vera | ||
| 490 | 0 | |a Colección juvenil Zig-Zag | |
| 999 | |c 237132 |d 237130 | ||
| 952 | |0 0 |1 0 |4 0 |6 CH_863_000000000000000_SOL_1984 |7 0 |8 A |9 245937 |a BIBEDU |b BIBEDU |d 2019-11-18 |i 153498K |o Ch863 SOL 1984 |p 153498K |r 2019-11-18 |w 2019-11-18 |y BK |k EDU | ||
| 952 | |0 0 |1 0 |4 0 |6 CH_863_000000000000000_SOL_1984 |7 0 |8 A |9 245938 |a BIBEDU |b BIBEDU |d 2019-11-18 |i 4418972 |l 1 |o Ch863 SOL 1984 |p 4418972 |r 2024-04-19 |s 2024-04-05 |w 2019-11-18 |y BK |k EPE | ||